Science Quiz

Random Science or Animal Quiz

Osteology Exam: Skulls of Birds Quiz Stats

 Plays Quiz Updated Feb 24, 2019

Score 0/15 Timer 04:00
1 Play Today
Question Answer Wrong Answers
Toco Toucan Toco Toucan
95.5%
Shoebill
1.3%
Bald Eagle Bald Eagle
94.6%
Blue Jay
2.3%
Marabou Stork Marabou Stork
92.8%
Ostrich
4.4%
Greater Flamingo Greater Flamingo
91.3%
Black Hornbill
5.9%
Horned Puffin Horned Puffin
90.5%
Magellanic Penguin
6.7%
Hyacinth Macaw Hyacinth Macaw
87.7%
Northern Cardinal
9.4%
Black-browed Albatross Black-browed Albatross
87.6%
Emu
9.3%
Brown Pelican Brown Pelican
86.3%
Roadrunner
11.1%
Raven Raven
84.9%
California Condor
12.3%
Scarlet Ibis Scarlet Ibis
84.3%
Roseate Spoonbill
12.6%
King Penguin King Penguin
80.6%
Duck
16.5%
Brown Kiwi Brown Kiwi
79.6%
Cassowary
17.4%
Kookaburra Kookaburra
74.8%
Moa
22.4%
Lappet-faced Vulture Lappet-faced Vulture
74.7%
Yellow-nosed Albatross
22.2%
Boat-billed Heron Boat-billed Heron
70%
Wreathed Hornbill
26.8%

You're not logged in!

Compare scores with friends on all Sporcle quizzes.
OR
Log In

Sporcle TV

Today on Sporcle TV


Watch our educational content, quiz creation guides, and fun videos on Sporcle TV.

Show Comments

Extras

Top Quizzes Today


Score Distribution

Your Account Isn't Verified!

In order to create a playlist on Sporcle, you need to verify the email address you used during registration. Go to your Sporcle Settings to finish the process.

Report this User

Report this user for behavior that violates our Community Guidelines.

Details: